Tractatus lógico-philosophicus

Tallennettuna:
Bibliografiset tiedot
Päätekijä: Wittgenstein, Ludwig (Tekijä)
Aineistotyyppi: Kirja
Kieli:espanja
Julkaistu: Madrid Alianza Editorial S. A 2012
Painos:1a. ed
Sarja:El Libro de Bolsillo, 11
Aiheet:
Tagit: Lisää tagi
Ei tageja, Lisää ensimmäinen tagi!

MARC

LEADER 00000cam a2200000 a 4500
001 UCE6393
003 CL-VaPUC
005 20230929095234.0
008 150409e20120000sp |||||||||||||||||spa|d
999 |c 358725  |d 358723 
020 |a 9788420671819 
040 |c Pontificia Universidad Católica de Valparaíso 
082 0 4 |a 149.94  |b WIT  |2 21 
100 0 |a Wittgenstein, Ludwig  |e author  |9 257080 
245 1 0 |a Tractatus lógico-philosophicus 
250 |a 1a. ed 
260 |a Madrid  |b Alianza Editorial S. A  |c 2012 
300 |a 191 p 
490 0 |a El Libro de Bolsillo, 11 
583 |a last modification  |c 20150409 10:07:00  |k Rodrigo Vera 
600 0 |9 472472  |a Wittgenstein, Ludwig,   |d 1889-1951  |x Filosofía austriaca 
650 0 |a Filosofía del lenguaje  |9 257082  |x Aspectos matemáticos 
650 0 |a Lenguaje y lenguas  |9 265846  |x Proposiciones y aforismos   |x Lógica matemática  
942 |c BK  |2 ddc 
945 |d 20150409 10:07:00  |a dcastane 
952 |0 0  |1 0  |3 erb  |4 0  |6 149_940000000000000_WIT_2012  |7 0  |8 A  |9 467604  |a BIBEDU  |b BIBEDU  |i 5145163  |l 4  |m 2  |o 149.94 WIT 2012  |p 5145163  |r 2023-04-26  |s 2023-04-05  |w 2019-11-23  |y BK  |z Catalogado en:20150409  |k PSI